Sur quelles chansons Itzy ont-elles collaboré avec ces artistes ? - Statistiques

Statistiques générales
  • Ce quiz a été pris 15 fois
  • Le résultat moyen est 5 sur 6
Statistiques - réponses
Artistes Chansons % Correct
Stray Kids Like Magic
91%
Nmixx Like Magic
91%
J.Y Park Like Magic
91%
Changbin (Stray Kids) Vay
82%
Bebe Rexha Break My Heart
73%
Second Aunt KimDaVi Break Ice
45%
Aucun quiz correspondant
Distribution des résultats
% des personnes avec chaque résultat
Percentile par nombre de réponses
Votre historique - résultats
Vous n’avez pas pris ce quiz